Soosan kon/ (Record no. 43122)

000 -LEADER
fixed length control field 00376nam a22001571a 4500
020 ## - INTERNATIONAL STANDARD BOOK NUMBER
ISBN 9788124008317
082 ## - DEWEY DECIMAL CLASSIFICATION NUMBER
Classification number M3
Item number POL/S
100 ## - MAIN ENTRY--AUTHOR NAME
Personal name Polson Joseph
245 ## - TITLE STATEMENT
Title Soosan kon/
Statement of responsibility, etc by Polson Joseph
260 ## - PUBLICATION, DISTRIBUTION, ETC. (IMPRINT)
Place of publication Kottayam:
Name of publisher Paulson Joseph,
Year of publication 2000.
300 ## - PHYSICAL DESCRIPTION
Number of Pages 124p.
650 ## - SUBJECT ADDED ENTRY--TOPICAL TERM
Topical Term Novel Malayalam
650 ## - SUBJECT ADDED ENTRY--TOPICAL TERM
Topical Term Literature Malayalam
650 ## - SUBJECT ADDED ENTRY--TOPICAL TERM
Topical Term Literature
942 ## - ADDED ENTRY ELEMENTS (KOHA)
Koha item type Book
Holdings
Withdrawn status Lost status Damaged status Not for loan Permanent Location Current Location Date acquired Cost, normal purchase price Full call number Accession Number Cost, replacement price Price effective from Koha item type
        Sree Sankaracharya University of Sanskrit Sree Sankaracharya University of Sanskrit 08.01.2015 45.00 M3 POL/S 023453 0.00 08.01.2015 Book